Les mariages cultes du cinéma - Statistiques

Statistiques générales
  • Ce quiz a été pris 928 fois
    428 depuis la dernière actualisation
  • Le résultat moyen est 8 sur 16
Statistiques - réponses
Par images Réponse % Correct
Shrek
98%
Cendrillon
95%
Forrest Gump
84%
Raiponce
84%
Twilight - Révélation
79%
Sissi l'Impératrice
64%
Mamma Mia
58%
Love Actually
48%
Avant toi
39%
Le Sens de la Fête
26%
4 Mariages et 1 Enterrement
25%
La Reine Margot
25%
L'arnacoeur
25%
Meilleures Ennemies
23%
Pièce Montée
3%
Search Party
0%
Aucun quiz correspondant
Distribution des résultats
% des personnes avec chaque résultat
Percentile par nombre de réponses
Votre historique - résultats
Vous n’avez pas pris ce quiz depuis la dernière actualisation